000 00997nam a2200217Ii 4500
003 JO-AjNU
008 230605s9999||||xx |||||||||||||| ||und||
017 _a2015/3/941
020 _a978-9957-49-184-0
040 _aJO-AjNU
_bara
_erda
_cJO-AjNU
041 _aara
050 1 4 _aDS219.G4252 2015
100 3 _aالغرايبة، خليف مصطفى,
_eauthor
_956859
245 0 0 _aجرش في عيون الجغرافيين والرحالة العرب والأجانب: دراسة في الثراث الجغرافي = In the eyes of geographers and travelers Arabs and forigners: A study in Geographical Heritage
264 3 1 _aعمان: وزارة الثقافة، 2015
300 _a213ص
_bاصدارات جرش مدينة الثقافة الاردنية، 2015
336 _atext
_btxt
_2rdacontent
337 _aunmediated
_bn
_2rdamedia
338 _avolume
_bnc
_2rdacarrier
650 4 _aجرش - الاردن - قديما وحديثا- اثار - الرحلات - تاريخ
_956860
999 _aA25446
_c29014
_d29014